000 00366nam a2200145Ia 4500
008 240624s9999 xx 000 0 und d
041 _aeng
082 _a658.1592 ADE
100 _aADELMAN PHILIP J
245 _aENTREPRENEURIAL FINANCE
250 _a(5th ed.)
260 _c2009
_aNew Jersey
_bPrentice Hall
300 _ax, : 446 : p. : cm. ; 25
365 _c
_b30
999 _c14891
_d14891